Lo que es y lo que debe ser el Colegio Nacional de Ciegos de Madrid / (Record no. 181188)

MARC details
000 -LEADER
campo de control de longitud fija 00957nam a2200205 i 4500
001 - NÚMERO DE CONTROL
campo de control 181188
003 - IDENTIFICADOR DE NÚMERO DE CONTROL
campo de control ES-MaACL
005 - FECHA Y HORA DE LA ÚLTIMA TRANSACCIÓN
campo de control 20230906221308.0
008 - DATOS DE LONGITUD FIJA--INFORMACIÓN GENERAL
campo de control de longitud fija 121030s1914 sp |||| | spa d
100 1# - ENTRADA PRINCIPAL--NOMBRE DE PERSONA
Nombre de persona Nuviala y Falcón, Mariano.
9 (RLIN) 151765
245 10 - MENCIÓN DEL TÍTULO
Título Lo que es y lo que debe ser el Colegio Nacional de Ciegos de Madrid /
Mención de responsabilidad, etc. por Mariano Nuviala y Falcón.
260 ## - PUBLICACIÓN, DISTRIBUCIÓN, ETC.
Lugar de publicación, distribución, etc. [Madrid :
Nombre del editor, distribuidor, etc. Junta para Ampliación de Estudios e Investigaciones Científicas,
Fecha de publicación, distribución, etc. 1914]
300 ## - DESCRIPCIÓN FÍSICA
Extensión 68 p. ;
Dimensiones 24 cm.
490 1# - MENCIÓN DE SERIE
Mención de serie Anales de la Junta para Ampliación de Estudios e Investigaciones Científicas ;
Designación de volumen o secuencia t. 14, memoria 1
610 24 - PUNTO DE ACCESO ADICIONAL DE MATERIA--NOMBRE DE ENTIDAD CORPORATIVA
Nombre de entidad corporativa o nombre de jurisdicción como elemento de entrada Colegio Nacional de Sordo-Mudos y de Ciegos de Madrid.
9 (RLIN) 2940
710 2# - ENTRADA AGREGADA--NOMBRE DE ENTIDAD CORPORATIVA
Nombre de entidad corporativa o nombre de jurisdicción como elemento de entrada Junta para la Ampliación de Estudios e Investigaciones Científicas.
9 (RLIN) 5413
830 0# - PUNTO DE ACCESO ADICIONAL DE SERIE-TÍTULO UNIFORME
Título uniforme Anales de la Junta para Ampliación de Estudios e Investigaciones Científicas ;
Designación de volumen o secuencia t. 14, memoria 1
9 (RLIN) 186710
852 ## - LOCALIZACIÓN
Ubicación ES-MaACL
Número de control de estantería B-13170(1)
Holdings
Estatus retirado Estado de pérdida Estado de daño No para préstamo Biblioteca de origen Biblioteca actual Ubicación en estantería Fecha de adquisición Fuente de adquisición Total de préstamos Signatura topográfica completa Código de barras Visto por última vez Precio de reemplazo Tipo de ítem Koha
        Biblioteca del Ateneo de Madrid Biblioteca del Ateneo de Madrid Sala Pardo Bazán 30/10/2012     B-13170(1) 1190404 23/02/2023 23/02/2023 Libro impreso